000 00655nam a22002177a 4500
003 UA-OsUOA
001 51771
007 ta
008 20080122b un ||||| |||| 00| 0 ukr d
100 _aСавчук Людмила
090 _a82
_bС-13
942 _cSA
040 _aUA-OsUOA
_bukr
_cUA-OsUOA
_dUA-OsUOA
245 _aВічна пісня кохання. (Сценарій літературного вечора)
300 _aС.21-24
955 _a0
041 _aukr
080 _a82
773 0 _w51765
_tЗарубіжна література
_dК.
_d2008
_g4
650 7 _a82 Література. Літературознавство
_2UDC
999 _c337863
_d337863